000 00751cam a22002657a 4500
001 001058
003 armpunfd
005 20140612090629.0
008 011219e1982####xx#a##########000#0#und#d
040 _aarmpunfd
_carmpunfd
080 _a347.736 C 14
100 1 0 _a Camara, Hector
245 1 0 _aConcurso preventivo y la quiebra : comentario a la ley 19.551
260 _a Buenos Aires
_b Depalma
_c1982-1986
300 _a3 v.
650 7 _a Derecho Concursal
_2LEMB
650 7 _a Quiebras
_x Argentina
_2LEMB
942 _cLB
_2cdu
945 _aCatalis
_d2010-08-19
945 _aCatalis
_d2010-08-19
945 _aCatalis
_d2010-08-19
945 _aCatalis
_d2010-08-19
945 _aCatalis
_d2010-08-19
945 _aCatalis
_d2010-08-19
999 _c1049
_d231553